| 000 | 00609nam a2200169 i 4500 | ||
|---|---|---|---|
| 001 | 23792 | ||
| 003 | ES-MaACL | ||
| 005 | 20230906152933.0 | ||
| 007 | t| | ||
| 008 | 021212s1970 sp ||||1| spa d | ||
| 100 | 1 |
_aAnderson, Robert W. _921469 |
|
| 245 | 1 | 0 |
_aGobierno y partidos políticos en Puerto Rico _b: seguido de un estudio sobre el plebiscito de 1967 y las elecciones de 1968 / _cRobert W. Anderson ; [traducción por Cecilio Sánchez Gil]. |
| 260 |
_aMadrid : _bTecnos, _c[1970] |
||
| 300 |
_a293 p. ; _c24 cm. |
||
| 700 | 1 |
_aSánchez Gil, Cecilio. _9102671 |
|
| 852 |
_aES-MaACL _jC-44510 _bR.74436 |
||
| 999 |
_c23792 _d23792 |
||